000 00647npc a2200205Ia 4500
001 dd6-1400 [d000001363]
003 IT-MiCISF
008 161014s9999||||xx | und||
040 _aIT-MiCISF
_cIT-MiCISF
041 _ait
100 _aPontificio Consiglio per la Famiglia
_959582
245 0 _aAnno internazionale della famiglia (AIF) 1994, "Criteri ed orientamenti"
260 _a Città del Vaticano,
_bPontificio Consiglio per la Famiglia,
_c1992
300 _app. 17
500 _afamiglia, bisogni-famiglia, diritti-famiglia, chiesa, aif
650 _afamiglia
654 _adocumento
942 _cDD
_2ddc
999 _c208063
_d208063
999 _bsi